Statistieken voor Kaart van Oost-Afrika Quiz

Klik hier om de quiz te nemen!

Algemene statistieken

  • Deze quiz is 946 keer genomen
  • De gemiddelde score is 16 van 20

Antwoorden op de kaart

Antwoorden kleurgecodeerd door een groen-rode schaal op de quizkaart volgens % correct hieronder.
Laden...
 

Antwoordstatistieken

Antwoord% Correct
Somalië
94%
Madagaskar
94%
Ethiopië
88%
Mozambique
86%
Kenia
86%
Djibouti
86%
Eritrea
84%
Tanzania
83%
Malawi
82%
Rwanda
81%
Seychellen
79%
Oeganda
79%
Zimbabwe
78%
Zuid Soedan
77%
Zambia
74%
Burundi
72%
Comoren
67%
Réunion (Frankrijk)
67%
Mauritius
66%
Mayotte (Frankrijk)
61%

Scoreverdeling

Percentiel versus Aantal Correcte Antwoorden

Procent van Mensen met Elke Score

Uw Scoregeschiedenis

U heeft deze quiz nog niet genomen